| 000 | 01367 a2200217 4500 | ||
|---|---|---|---|
| 001 | 13842 | ||
| 005 | 20260407155444.0 | ||
| 008 | 260407a2003 arg spa d | ||
| 003 | AR-UNSa-BCEJYS | ||
| 040 |
_aAR-UNSa-BCEJYS _bspa _cAR-UNSa-BCEJYS |
||
| 080 |
_a657.6 _xAuditoria (control interno) |
||
| 245 | 1 | 0 | _aCompendio de auditoría |
| 020 | _a987-9164-76-8 | ||
| 264 | 1 |
_aBuenos Aires : _bTemas Grupo Editorial _c2003 |
|
| 300 |
_a632 p. _c23 cm. |
||
| 505 | _a1. La auditoría externa de estados contables - 2. El informe breve del auditor - 3. Independencia y responsabilidad del auditor - 4. El proceso de la auditoría - 5. Elementos de juicio y documentación del trabajo - 6. Estructura del control interno - 7. Actividades previas al trabajo - 8. Planeamiento preliminar - 9. Desarrollo del planeamiento - 10. Ejecución de pruebas de controles - 11. Evaluación de controles en los ciclos de negocios - 12. Ejecución de pruebas sustantivas - 13. Pruebas sustantivas aplicadas a las cuentas - 14. Los trabajos finales del auditor - 15. Otros trabajos e informes del auditor - 16. Sindicatura de sociedades y auditoría externa | ||
| 942 | _cBK | ||
| 590 | _aniveau_biblio:m niveau_hierar:0 | ||
| 100 | 1 | _aLattuca, Antonio Juan | |
| 856 | 4 | 1 |
_uhttps://biblioeco.unsa.edu.ar/pmb/images/libros/Compendio de Auditor?a-l86595.jpg _yImagen de portada _qimage/jpeg |
| 999 |
_c553 _d553 |
||